[Event "Marienbad Open-A2 2019"]
[Site "Marianske Lazne"]
[Date "2019.01.19"]
[Round "1.6"]
[White "Kriebel, Tadeas"]
[Black "Swicarz, Maciej"]
[Result "1/2-1/2"]
[WhiteElo "2519"]
[BlackElo "2331"]
[Annotator "TA"]
[PlyCount "110"]
[EventDate "2019.01.17"]
[EventType "tourn"]
[EventCountry "CZE"]
[SourceTitle "playchess.com"]
[Source "ChessBase"]
[SourceQuality "1"]

{[%evp 14,110,33,21,18,18,17,22,19,20,10,0,27,22,28,8,36,0,0,0,0,0,43,43,45,52,47,53,46,45,66,45,86,61,54,41,51,43,54,44,39,45,81,26,0,0,85,28,39,0,0,0,0,0,13,0,0,0,0,0,0,-75,-80,-201,-201,-201,-201,-201,-201,-201,-201,-201,-201,-206,-204,-201,-234,-255,0,-233,-40,-40,0,-233,0,0,0,0,0,0,0,0,0,0,0,0,0,-14,0]} 1. e4 c6 2. d4 d5 3. e5 c5 4. dxc5 Nc6 5. Nf3 Bg4 6. c3 {B12: Caro-Kann: Advance Variation} e6 7. Be3 (7. b4 a6 8. Nbd2 Nxe5 9. Qa4+ Nd7 10. Ne5 Ngf6 11. c4 a5 12. Nb3 axb4 13. Qb5 Be7 {0-1 (53) Topalov,V (2760)-Nakamura,H (2779) London 2016 CBM 176 [Roiz,M]}) 7... Bxf3 8. Qxf3 {LiveBook: 40 Games. White is slightly better.} (8. gxf3 Nge7 $11) 8... Qc7 9. Bb5 Qxe5 10. O-O Nf6 11. Nd2 Be7 12. Bd4 $146 ({Predecessor:} 12. Nc4 Qb8 13. Bf4 Qd8 {½-½ (35) Artemyev,D (2361)-Murden,C (2442) ICCF email 2015}) 12... Qg5 13. Qe2 O-O 14. f4 Qh5 15. Rf3 Nxd4 ({Much worse is} 15... Ng4 $6 16. Rh3 $16) 16. cxd4 b6 17. c6 Ne8 18. Bd3 {And now Qe3 would win.} g6 $1 19. Qe3 {Rh3 is the strong threat.} Qh6 20. Rh3 Qg7 21. Nf3 Nd6 22. Ne5 Bf6 23. Rc1 Rfc8 24. g4 {[%cal Bg2g4,Bg4g5][%mdl 32]} Rc7 25. g5 Bxe5 26. dxe5 Nf5 27. Bxf5 gxf5 28. Qa3 (28. b4 $16) 28... Rac8 $11 29. Qd6 Qf8 (29... Kh8 $11) 30. Rhc3 (30. Qxf8+ $1 $16 Kxf8 31. Rxh7) 30... Qe8 31. b4 d4 32. Rc4 b5 33. Rc5 a6 34. Kf2 d3 35. Ke3 d2 $36 {[%mdl 2048] Black is more active.} 36. Kxd2 Rd8 {aiming for ...Qe7.} 37. Ke3 (37. R1c3 $11 {keeps the balance.}) 37... Rcc8 $17 ({Don't go for} 37... Rxd6 $2 38. exd6 Rxc6 39. Rxc6 $18) 38. Qd7 (38. R1c3 $17) 38... Rxd7 $19 39. cxd7 Qxd7 40. Rxc8+ {[%mdl 4096] Endgame KQ-KRR} Kg7 41. R8c5 Qb7 {Threatens to win with ...Qe4+.} 42. Rc6 a5 $1 43. bxa5 {Hoping for a6.} Qa7+ 44. Kf3 Qxa5 45. R1c2 Qa4 $2 ({Black should try} 45... Qe1 $19 46. R6c3 Qh1+ 47. Kg3 Qg1+ 48. Kf3 Qh1+ 49. Kg3 Qg1+ 50. Kf3 Qg4+ 51. Ke3 Qh3+ 52. Kd4 Qf1) 46. Re2 $2 {[#]} (46. R6c3 $1 $11 {and White is okay.}) 46... Qa8 $2 (46... Qa3+ $1 $19 47. Kg2 Qa8) 47. Rec2 $15 Qa4 {[%mdl 1024] Black has compensation.} 48. Re2 $2 {[#]} (48. R6c3 $11) 48... Qd1 $2 (48... Qa3+ $1 $19 49. Kg2 Qa8) 49. Rcc2 {The position is equal.} Qh1+ 50. Rg2 Qd1+ 51. Ke3 Qe1+ 52. Rge2 Qh1 {Strongly threatening ...Qe4+.} 53. Rf2 Qe4+ 54. Kd2 Qd4+ 55. Kc1 Qa1+ {Precision: White = 36%, Black = 67%.} 1/2-1/2

[Event "Marienbad Open-A2 2019"]
[Site "Marianske Lazne"]
[Date "2019.01.19"]
[Round "1.7"]
[White "Kovalev, Andrei"]
[Black "Swayams, Mishra"]
[Result "0-1"]
[WhiteElo "2520"]
[BlackElo "2432"]
[Annotator "TA"]
[PlyCount "80"]
[EventDate "2019.01.17"]
[EventType "tourn"]
[EventCountry "CZE"]
[SourceTitle "playchess.com"]
[Source "ChessBase"]
[SourceQuality "1"]

{[%evp 19,80,0,0,0,25,13,24,0,8,-10,33,25,19,29,91,48,58,44,42,45,56,38,52,27,21,23,44,42,54,49,35,48,64,37,96,102,96,32,19,0,0,-33,-41,-48,-40,-46,0,0,2,-61,-39,-25,-1,-1007,-1004,-1009,-1007,-1009,-989,-1529,-1467,-1267,-1233]} 1. e4 e6 2. d4 d5 3. exd5 exd5 4. Nf3 Nc6 5. Bb5 Bd6 6. O-O Nge7 7. c4 dxc4 8. Bxc4 O-O 9. h3 {C01: French: Exchange Variation} Bf5 (9... h6 10. Nc3 Bf5 11. Be3 Ng6 12. Qd2 a6 13. d5 Nce5 14. Nxe5 Nxe5 15. Be2 Qh4 16. Qd4 Qxd4 17. Bxd4 {0-1 (47) Haddouche,M (2505)-Bauer,C (2630) Rabat 2014}) 10. Nc3 a6 {LiveBook: 4 Games} 11. Re1 {The position is equal.} b5 12. Bb3 h6 $146 ({Predecessor:} 12... Na5 13. Bc2 Bxc2 14. Qxc2 Qd7 15. Bg5 Qf5 16. Rac1 Qxc2 17. Rxc2 {½-½ (63) Liiva,R (2411)-Contin,D (2396) Turin 2006}) 13. a3 Na5 14. Ba2 Nc4 15. Nd2 Nxd2 16. Bxd2 c5 (16... Nc6 $11 {remains equal.}) 17. dxc5 Bxc5 18. Be3 Bxe3 19. Rxe3 Ra7 20. Qf3 {aiming for Rxe7!} Bg6 21. Rae1 Rd7 22. Re5 Kh7 23. h4 {[%cal Bh3h4,Bh4h5][%mdl 32]} Kh8 24. h5 Bh7 25. Qe3 {[%cal Re5e7]} Nc6 {[%cal Be7c6,Bc6b8,Bb8d7,Bd7f6,Bf6g4,Bg4e3][%mdl 32]} 26. Rd5 Bg8 (26... b4 $14 27. Rxd7 Qxd7) 27. Qc5 $16 Nb8 {[#]} 28. Rxd7 ({Better is} 28. Red1 $1 $16 {Strongly threatening Rxd7.} Qe7 29. Qxe7 Rxe7 30. Rd8) 28... Nxd7 $14 29. Qa7 {Black must now prevent Rd1.} Nf6 30. Qxa6 Qd2 $36 {[%mdl 2048] Black fights for an advantage.} 31. Re2 $1 {[%cal Re2d2]} Qc1+ {[%mdl 1024] Black has compensation.} 32. Kh2 Ng4+ 33. Kg3 Qg5 34. f3 (34. f4 $1 $11 Qxh5 35. Qd6) 34... Ne3+ 35. Kf2 Re8 36. Qxb5 $2 {[%mdl 8192] [#]} (36. Kg1 $11 Rd8 37. Qb6) 36... Qxg2+ $19 {Black is clearly winning.} 37. Ke1 Qg1+ 38. Kd2 Rd8+ 39. Bd5 Nxd5 40. Nxd5 Qg5+ {Precision: White = 44%, Black = 42%.} 0-1

[Event "Marienbad Open-A2 2019"]
[Site "Marianske Lazne"]
[Date "2019.01.19"]
[Round "1.8"]
[White "Gungl, Theo"]
[Black "Vokac, Marek"]
[Result "1/2-1/2"]
[WhiteElo "2368"]
[BlackElo "2380"]
[Annotator "TA"]
[PlyCount "32"]
[EventDate "2019.01.17"]
[EventType "tourn"]
[EventCountry "CZE"]
[SourceTitle "playchess.com"]
[Source "ChessBase"]
[SourceQuality "1"]

{[%evp 19,20,28,46]} 1. e4 g6 2. d4 Bg7 3. Nc3 d6 4. f4 a6 5. Nf3 b5 6. Bd3 Bb7 7. e5 Nd7 8. O-O c5 9. Be4 {B06: Modern Defence} Bxe4 10. Nxe4 cxd4 {LiveBook: 28 Games} {Predecessor:} 11. exd6 $146 Qb6 12. Re1 e6 13. a4 Rc8 14. Qd3 Ngf6 15. Ne5 Nd5 16. Nxd7 Kxd7 {½-½ (38) Kollars,D (2491)-Vavulin,M (2582) Khanty-Mansiysk 2016} 1/2-1/2

[Event "Marienbad Open-A2 2019"]
[Site "Marianske Lazne"]
[Date "2019.01.19"]
[Round "1.9"]
[White "Simacek, Pavel"]
[Black "Kulkarni Bhakti"]
[Result "1-0"]
[WhiteElo "2481"]
[BlackElo "2303"]
[Annotator "TA"]
[PlyCount "55"]
[EventDate "2019.01.17"]
[EventType "tourn"]
[EventCountry "CZE"]
[SourceTitle "playchess.com"]
[Source "ChessBase"]
[SourceQuality "1"]

{[%evp 15,55,18,100,94,105,80,182,187,173,179,175,168,173,165,200,193,190,170,163,156,154,166,180,151,151,162,150,161,156,122,186,133,312,303,357,348,328,320,308,269,451,299]} 1. e4 e6 2. d4 d5 3. e5 c5 4. c3 Nc6 5. Nf3 Bd7 6. Be2 Qc7 7. O-O f6 8. Bf4 O-O-O {LiveBook: 7 Games. C02: French: Advance Variation} (8... Nge7 $1 $11) 9. b4 $16 {aiming for Bg3.} (9. Bg3 Qb6 10. Qd2 Nge7 11. dxc5 Qxc5 12. b4 Qb6 13. Bd3 Nxe5 14. Nxe5 fxe5 15. Bxe5 Nc6 16. Bg3 {1-0 (36) Smeets,J (2608)-Kjartansson,D (2409) chess.com INT 2018}) 9... c4 $146 ({Predecessor:} 9... cxb4 10. cxb4 Bxb4 11. exf6 {1-0 (11) Marcinkiewicz,B (2174)-Krueger,K ICCF email 2006}) 10. a4 g5 (10... fxe5 $16 {is a better defense.} 11. Bg3 (11. dxe5 Nh6 $14) (11. Nxe5 Bd6 $14) 11... Bd6) 11. Bg3 $18 g4 12. exf6 Bd6 {[#]} 13. Ng5 $1 {[%cal Rg5f7]} Rf8 14. Bxg4 Rxf6 {[#]} 15. Na3 $1 {[%cal Ra3b5]} a6 16. Re1 Nd8 17. Be5 Bxe5 18. dxe5 Rg6 19. f4 Ne7 {intending ...h6.} 20. Nc2 h6 21. Nh3 Rhg8 22. Nf2 Nf5 (22... h5 $16) 23. g3 ({White should try} 23. Kh1 $18) 23... Qb6 $2 (23... Nxg3 $16 {was worth a try.} 24. hxg3 h5) 24. a5 Qc6 25. Bxf5 exf5 26. Nd4 Qc7 27. Qf3 Be6 $2 (27... Kb8 28. Qxd5 Ne6 29. Nxe6 Bxe6) 28. Rad1 {Precision: White = 69%, Black = 42%.} 1-0

[Event "Marienbad Open-A2 2019"]
[Site "Marianske Lazne"]
[Date "2019.01.19"]
[Round "1.10"]
[White "Liu, Guanchu"]
[Black "Yeritsyan, Aram"]
[Result "1-0"]
[WhiteElo "2425"]
[BlackElo "2349"]
[Annotator "TA"]
[PlyCount "71"]
[EventDate "2019.01.17"]
[EventType "tourn"]
[EventCountry "CZE"]
[SourceTitle "playchess.com"]
[Source "ChessBase"]
[SourceQuality "1"]

{[%evp 12,71,13,-12,0,0,0,-7,0,0,1,0,60,59,46,49,42,37,35,0,4,0,37,13,2,29,125,73,97,45,208,224,208,211,204,214,219,208,562,563,420,320,577,600,563,540,29989,29990,29990,492,487,471,579,492,545,534,945,938,5477,5414,29991,29991]} 1. e4 e5 2. Nf3 Nc6 3. Nc3 Nf6 4. Bc4 Bc5 5. d3 a6 6. Bg5 h6 {C50: Hungarian Defence and Giuoco Pianissimo} 7. Be3 {LiveBook: 3 Games} (7. Bxf6 Qxf6 8. Nd5 Qd8 9. c3 d6 10. d4 Ba7 11. h3 O-O 12. O-O Re8 13. Re1 Be6 14. a4 exd4 15. cxd4 Ne7 16. Qb3 Nxd5 17. Bxd5 Rb8 18. Rac1 {½-½ (35) Yilmaz,M (2400)-Pashikian,A (2621) Budva 2009}) 7... d6 8. Bxc5 dxc5 {The position is equal.} 9. h3 Qd6 10. O-O $146 ({Predecessor:} 10. Nd5 O-O 11. O-O Na5 12. Nxf6+ Qxf6 13. Bb3 b6 14. Nd2 {0-1 (35) Miczek,S (1765)-Leniart,A (2484) Hucisko 2016}) 10... g5 11. Nd5 Nxd5 ({Better is} 11... Bd7 $11) 12. exd5 $14 Ne7 13. Re1 $36 {[%mdl 2048] White has some pressure.} Ng6 14. b4 cxb4 15. Nxe5 O-O $1 16. d4 b5 17. Bd3 Nf4 18. h4 Nxd3 ({But not} 18... Qxd5 $2 19. Be4 $18) (18... Kg7 $11 {remains equal.}) 19. Qxd3 ({Don't do} 19. Nxd3 gxh4 20. Qf3 h3 $14) (19. cxd3 $142 {hxg5 is the strong threat.} gxh4 20. Qh5) 19... Kg7 20. Re3 (20. Rac1 $16) 20... Qxd5 $2 (20... gxh4 $14 21. Qe4 Bb7) 21. hxg5 $18 h5 {[#]} 22. Rae1 $1 Bb7 {[%csl Gb7][%cal Rd5g2]} 23. Nf3 Rad8 24. Re7 {Hoping for R1e6.} Qd6 $2 (24... Rd6 25. Rxc7 Rc8 26. Rxc8 Bxc8) 25. Nh4 Bc8 26. d5 Kg8 $2 (26... Qb6 27. c3 a5 28. cxb4 axb4) 27. g6 Qf6 28. Qg3 Rxd5 29. gxf7+ Kh7 {[#]} 30. Re8 (30. Qg8+ $142 $1 {[%mdl 512]} Rxg8 31. f8=Q+ Qg7 32. Rxg7+ Rxg7 33. Re8 Rd1+ 34. Kh2 Rxg2+ 35. Nxg2) 30... Rxf7 31. Rxc8 {Threatens to win with Ree8.} Rg5 32. Qe3 Rg4 33. g3 Qxh4 34. Qd3+ Kg7 35. Ree8 ({Weaker is} 35. Re6 Qg5 $16) 35... Rxf2 36. Rxc7+ {Precision: White = 62%, Black = 30%.} 1-0

[Event "Marienbad Open-A2 2019"]
[Site "Marianske Lazne"]
[Date "2019.01.20"]
[Round "2"]
[White "Kriebel, Tadeas"]
[Black "Kovalev, Andrei"]
[Result "1/2-1/2"]
[WhiteElo "2519"]
[BlackElo "2520"]
[Annotator "ChessBase"]
[PlyCount "122"]
[EventDate "2019.01.17"]
[EventType "tourn"]
[EventCountry "CZE"]
[SourceTitle "playchess.com"]
[Source "ChessBase"]
[SourceQuality "1"]
[TimeControl "40/5400+30:1800+30"]

1. d4 {[%emt 0:00:00]} Nf6 {[%emt 0:00:00]} 2. c4 {[%emt 0:00:00]} g6 {[%emt 0:00:00]} 3. Nc3 {[%emt 0:00:00]} Bg7 {[%emt 0:00:02]} 4. e4 {[%emt 0:00:00]} d6 {[%emt 0:00:04]} 5. f3 {[%emt 0:00:00]} O-O {[%emt 0:00:08]} 6. Be3 {[%emt 0:00:08]} c6 {[%emt 0:00:08]} 7. Qd2 {[%emt 0:01:33]} a6 {[%emt 0:00:24]} 8. a4 {[%emt 0:00:11]} a5 {[%emt 0:02:16]} 9. Bd3 {[%emt 0:00:05]} e5 {[%emt 0:00:27]} 10. Nge2 {[%emt 0:00:23]} Na6 {[%emt 0:02:01]} 11. Rd1 {[%emt 0:00:17]} Qe7 {[%emt 0:13:29]} 12. O-O {[%emt 0:03:02]} Nb4 {[%emt 0:00:05]} 13. Bb1 {[%emt 0:00:17]} Be6 {[%emt 0:03:59]} 14. b3 {[%emt 0:02:00]} Rfe8 {[%emt 0:03:39]} 15. Kh1 {[%emt 0:15:23]} Bc8 {[%emt 0:08:22]} 16. Bg5 {[%emt 0:08:12]} Qc7 {[%emt 0:03:31]} 17. f4 {[%emt 0:09:58]} exd4 {[%emt 0:00:19]} 18. Nxd4 {[%emt 0:00:05]} h6 {[%emt 0:06:53]} 19. Bh4 {[%emt 0:03:17]} Na6 {[%emt 0:00:06]} 20. e5 {[%emt 0:17:41]} dxe5 {[%emt 0:01:48]} 21. fxe5 {[%emt 0:00:04]} Ng4 {[%emt 0:00:25]} 22. Ne4 {[%emt 0:07:02]} Qxe5 {[%emt 0:01:24]} 23. Nf3 {[%emt 0:00:05]} Qb2 {[%emt 0:06:29]} 24. Qf4 {[%emt 0:05:28]} Bf5 {[%emt 0:09:26]} 25. h3 {[%emt 0:08:16]} Bxe4 {[%emt 0:06:07]} 26. Bxe4 {[%emt 0:00:32]} Nf6 {[%emt 0:03:00]} 27. Bb1 {[%emt 0:04:26]} Nc5 {[%emt 0:04:33]} 28. Rd2 {[%emt 0:04:50]} Qc3 {[%emt 0:03:10]} 29. Rc2 {[%emt 0:00:15]} Ne6 {[%emt 0:03:18]} 30. Qc1 {[%emt 0:02:36]} Qb4 {[%emt 0:01:16]} 31. Bxf6 {[%emt 0:02:09]} Bxf6 {[%emt 0:00:04]} 32. Qxh6 {[%emt 0:00:07]} Bg7 {[%emt 0:00:59]} 33. Qh4 {[%emt 0:00:11]} Qxb3 {[%emt 0:01:08]} 34. Rcf2 {[%emt 0:00:07]} Qe3 {[%emt 0:03:24]} 35. Nh2 {[%emt 0:01:45]} Qg5 {[%emt 0:02:15]} 36. Qe4 {[%emt 0:00:31]} Nd4 {[%emt 0:01:58]} 37. Qd3 {[%emt 0:01:07]} Re7 {[%emt 0:02:45]} 38. Nf3 {[%emt 0:01:11]} Nxf3 {[%emt 0:00:13]} 39. Rxf3 {[%emt 0:00:07]} Rae8 {[%emt 0:01:12]} 40. Rg3 {[%emt 0:00:08]} Qh6 {[%emt 0:02:16]} 41. c5 {[%emt 0:33:01]} Re3 {[%emt 0:35:14]} 42. Rxe3 {[%emt 0:00:00]} Qxe3 {[%emt 0:00:00]} 43. Qc4 {[%emt 0:00:00]} Re6 {[%emt 0:00:00]} 44. Ba2 {[%emt 0:00:00]} Bd4 {[%emt 0:00:00]} 45. Rd1 {[%emt 0:00:34]} Bxc5 {[%emt 0:00:00]} 46. Qf1 {[%emt 0:00:56]} Re7 {[%emt 0:00:00]} 47. Qf6 {[%emt 0:00:33]} Kh7 {[%emt 0:00:00]} 48. Bxf7 {[%emt 0:00:20]} Qg3 {[%emt 0:00:00]} 49. Bg8+ {[%emt 0:01:44]} Kh6 {[%emt 0:00:00]} 50. Qh8+ {[%emt 0:02:02]} Kg5 {[%emt 0:00:00]} 51. Rf1 {[%emt 0:00:04]} Bf2 {[%emt 0:00:55]} 52. Qb2 {[%emt 0:02:03]} Re1 {[%emt 0:00:26]} 53. Qd2+ {[%emt 0:00:20]} Kh5 {[%emt 0:00:28]} 54. Qxa5+ {[%emt 0:00:29]} b5 {[%emt 0:01:18]} 55. Rxe1 {[%emt 0:00:59]} Bxe1 {[%emt 0:00:06]} 56. Qd8 {[%emt 0:00:05]} Qf2 {[%emt 0:04:14]} 57. Be6 {[%emt 0:01:02]} Qf1+ {[%emt 0:01:04]} 58. Kh2 {[%emt 0:00:02]} Qf4+ {[%emt 0:00:09]} 59. Kh1 {[%emt 0:00:04]} Qf1+ {[%emt 0:01:14]} 60. Kh2 {[%emt 0:00:01]} Qf4+ {[%emt 0:00:13]} 61. Kh1 {[%emt 0:00:05]} Qf1+ {[%emt 0:01:03]} 1/2-1/2

[Event "Marienbad Open-A2 2019"]
[Site "Marianske Lazne"]
[Date "2019.01.20"]
[Round "2"]
[White "Swayams, Mishra"]
[Black "Gungl, Theo"]
[Result "1/2-1/2"]
[WhiteElo "2432"]
[BlackElo "2368"]
[Annotator "TA"]
[PlyCount "97"]
[EventDate "2019.01.17"]
[EventType "tourn"]
[EventCountry "CZE"]
[SourceTitle "playchess.com"]
[Source "ChessBase"]
[SourceQuality "1"]

{[%evp 38,97,58,34,84,78,68,74,97,73,95,89,87,103,90,90,178,94,95,77,159,103,158,0,168,0,0,-102,0,0,8,8,8,8,7,8,62,0,102,8,585,107,112,117,110,124,154,143,139,0,0,0,0,0,0,0,0,0,0,0,0,0]} 1. d4 d5 2. c4 c6 3. Nf3 Nf6 4. Nc3 e6 5. Bg5 dxc4 6. e4 {[%cal Be2e4,Be4e5][%mdl 32]} b5 7. e5 h6 8. Bh4 g5 9. Nxg5 hxg5 10. Bxg5 Be7 11. exf6 Bxf6 12. Bxf6 Qxf6 13. g3 Na6 14. Bg2 Bb7 15. Ne4 Qe7 16. O-O {D44: Semi-Slav: Botvinnik System} O-O-O 17. h4 c5 18. a4 Rxd4 19. Qe2 b4 20. Rad1 {LiveBook: 4 Games} Rhd8 21. Rxd4 Rxd4 22. Rc1 Nc7 23. Nd2 Bxg2 $146 ({Predecessor:} 23... Ba6 24. Nxc4 {1-0 (37) Edouard,R (2634)-Moussard,J (2487) Saint-Quentin 2015}) 24. Kxg2 Qd7 25. Nxc4 Qd5+ 26. Kg1 f5 27. Ne3 (27. h5 $18) 27... Qe5 $16 28. Qh5 Rd7 (28... Re4 $142 29. Qg5 Qxb2 30. Rxc5 (30. Qg8+ Kb7 $11) 30... Qa1+ 31. Kg2 Qd4) 29. Qh6 (29. Nc4 $142 Qd4 30. Na5) 29... Rf7 (29... Rg7 $142) 30. Qh5 $2 (30. b3 $16) 30... Rg7 $2 (30... Rd7 $11 {and Black is okay.}) 31. Qh8+ $2 ({Better is} 31. Qf3 $1 $18) 31... Kb7 $11 32. Ng2 (32. Qh6 $1 $11) 32... f4 {[#]} ({Black should try} 32... Qxb2 $17 33. Rc4 (33. Rxc5 $2 Qd4 $19) 33... Qf6) 33. Rxc5 $1 {[%mdl 512]} Qxc5 34. Qxg7 fxg3 35. Ne3 gxf2+ 36. Kxf2 Kb6 (36... b3 $11) 37. Qd7 (37. Qg4 $14) 37... b3 (37... Kb7 $11 {keeps the balance.}) 38. h5 (38. Qd1 $16) 38... a5 $2 {[%mdl 8192] [#]} (38... Kb7 $11) 39. h6 $2 (39. Qd6+ $1 $18 {[%mdl 512] is the precise move to win.} Qxd6 40. Nc4+ {[%mdl 64] Double Attack} Kc5 41. Nxd6) 39... Qf8+ $16 40. Ke2 Qxh6 41. Nc4+ Kb7 {Strongly threatening ...Qh2+.} 42. Nxa5+ {[%mdl 64] Double Attack} Ka6 43. Qxc7 ({Only move:} 43. Nxb3 $16 Qh5+ 44. Kd3) 43... Qh5+ $11 {The position is equal.} 44. Kd3 Qf5+ 45. Ke3 Qg5+ 46. Ke2 Qh5+ 47. Kd3 Qf5+ 48. Kd4 Qf2+ 49. Kd3 {Accuracy: White = 32%, Black = 49%.} 1/2-1/2

[Event "Marienbad Open-A2 2019"]
[Site "Marianske Lazne"]
[Date "2019.01.20"]
[Round "2"]
[White "Vokac, Marek"]
[Black "Simacek, Pavel"]
[Result "1/2-1/2"]
[WhiteElo "2380"]
[BlackElo "2481"]
[Annotator "TA"]
[PlyCount "34"]
[EventDate "2019.01.17"]
[EventType "tourn"]
[EventCountry "CZE"]
[SourceTitle "playchess.com"]
[Source "ChessBase"]
[SourceQuality "1"]

{[%evp 21,22,0,20]} 1. d4 c5 2. d5 Nf6 3. c4 e6 4. Nc3 exd5 5. cxd5 d6 6. Nf3 g6 7. Bg5 h6 8. Bh4 g5 9. Bg3 Nh5 10. Nd2 {A61: Modern Benoni: Nf3 without early e4} Nxg3 11. hxg3 Bg7 {LiveBook: 6 Games} (11... Nd7 12. e3 a6 13. a4 Bg7 14. Be2 O-O 15. Nc4 Nb6 16. O-O Nxc4 17. Bxc4 Rb8 {1-0 (76) Vokac,M (2454)-Simacek,P (2421) Ostrava 2005}) {Predecessor:} 12. Nc4 $146 O-O 13. e4 a6 14. a4 Qe7 15. Ne3 f5 16. exf5 Bxf5 17. g4 Bh7 {½-½ (59) Carlsen,M (2484)-Janssen,R (2489) Wijk aan Zee 2004} 1/2-1/2

[Event "Marienbad Open-A2 2019"]
[Site "Marianske Lazne"]
[Date "2019.01.20"]
[Round "2"]
[White "Swicarz, Maciej"]
[Black "Yeritsyan, Aram"]
[Result "1-0"]
[WhiteElo "2331"]
[BlackElo "2349"]
[Annotator "ChessBase"]
[PlyCount "159"]
[EventDate "2019.01.17"]
[EventType "tourn"]
[EventCountry "CZE"]
[SourceTitle "playchess.com"]
[Source "ChessBase"]
[SourceQuality "1"]
[TimeControl "40/5400+30:1800+30"]

1. c4 {[%emt 0:00:00]} Nf6 {[%emt 0:00:00]} 2. Nc3 {[%emt 0:00:00]} e6 {[%emt 0:00:00]} 3. e4 {[%emt 0:00:11]} d5 {[%emt 0:00:00]} 4. e5 {[%emt 0:00:16]} d4 {[%emt 0:00:00]} 5. exf6 {[%emt 0:00:09]} dxc3 {[%emt 0:00:00]} 6. bxc3 {[%emt 0:00:16]} Qxf6 {[%emt 0:00:00]} 7. Nf3 {[%emt 0:00:12]} Nc6 {[%emt 0:00:33]} 8. d4 {[%emt 0:00:29]} e5 {[%emt 0:00:33]} 9. d5 {[%emt 0:01:45]} Nb8 {[%emt 0:00:11]} 10. Bg5 {[%emt 0:00:17]} Qg6 {[%emt 0:01:43]} 11. h4 {[%emt 0:00:04]} h6 {[%emt 0:00:03]} 12. h5 {[%emt 0:00:17]} Qd6 {[%emt 0:00:06]} 13. Be3 {[%emt 0:03:28]} Nd7 {[%emt 0:00:58]} 14. Qc2 {[%emt 0:11:22]} Be7 {[%emt 0:07:46]} 15. Rd1 {[%emt 0:07:42]} O-O {[%emt 0:04:09]} 16. g4 {[%emt 0:12:38]} Nc5 {[%emt 0:02:56]} 17. Rg1 {[%emt 0:04:35]} f5 {[%emt 0:00:47]} 18. g5 {[%emt 0:21:05]} e4 {[%emt 0:01:11]} 19. gxh6 {[%emt 0:09:06]} exf3 {[%emt 0:00:15]} 20. hxg7 {[%emt 0:01:16]} Rf6 {[%emt 0:02:18]} 21. h6 {[%emt 0:03:39]} Bd7 {[%emt 0:01:25]} 22. Rd4 {[%emt 0:04:37]} Kh7 {[%emt 0:02:42]} 23. Bf4 {[%emt 0:07:23]} Qb6 {[%emt 0:01:03]} 24. Bh3 {[%emt 0:00:15]} Bd6 {[%emt 0:03:42]} 25. Rg5 {[%emt 0:02:41]} Re8+ {[%emt 0:00:47]} 26. Be3 {[%emt 0:01:23]} Be5 {[%emt 0:14:10]} 27. Rh4 {[%emt 0:01:53]} Qb2 {[%emt 0:15:23]} 28. Qxb2 {[%emt 0:02:37]} Nd3+ {[%emt 0:00:03]} 29. Kd2 {[%emt 0:00:33]} Nxb2 {[%emt 0:00:04]} 30. c5 {[%emt 0:00:55]} b5 {[%emt 0:03:09]} 31. cxb6 {[%emt 0:01:29]} cxb6 {[%emt 0:02:31]} 32. Rb4 {[%emt 0:01:10]} f4 {[%emt 0:01:50]} 33. Bxd7 {[%emt 0:00:37]} fxe3+ {[%emt 0:00:04]} 34. fxe3 {[%emt 0:00:42]} Rd8 {[%emt 0:13:33]} 35. Rxb2 {[%emt 0:00:03]} Rxh6 {[%emt 0:10:46]} 36. Rxe5 {[%emt 0:00:02]} Rh2+ {[%emt 0:00:18]} 37. Kc1 {[%emt 0:00:13]} Rh1+ {[%emt 0:00:22]} 38. Kc2 {[%emt 0:00:04]} Rxd7 {[%emt 0:00:03]} 39. Kd3 {[%emt 0:01:44]} Rf7 {[%emt 0:04:16]} 40. Rf2 {[%emt 0:00:54]} Rg1 {[%emt 0:00:05]} 41. Rh5+ {[%emt 0:03:43]} Kxg7 {[%emt 0:00:04]} 42. Rh3 {[%emt 0:00:07]} Rd1+ {[%emt 0:00:09]} 43. Kc2 {[%emt 0:04:27]} Rxd5 {[%emt 0:00:07]} 44. Rhxf3 {[%emt 0:00:12]} Rxf3 {[%emt 0:00:22]} 45. Rxf3 {[%emt 0:00:02]} Ra5 {[%emt 0:01:30]} 46. Kb3 {[%emt 0:00:46]} Rc5 {[%emt 0:00:59]} 47. a4 {[%emt 0:08:50]} Re5 {[%emt 0:00:47]} 48. Kc4 {[%emt 0:06:36]} Re4+ {[%emt 0:00:33]} 49. Kd5 {[%emt 0:00:15]} Rxa4 {[%emt 0:00:04]} 50. e4 {[%emt 0:00:04]} Ra1 {[%emt 0:01:00]} 51. e5 {[%emt 0:00:19]} Rd1+ {[%emt 0:00:28]} 52. Kc6 {[%emt 0:00:12]} Re1 {[%emt 0:00:44]} 53. Kd6 {[%emt 0:00:02]} b5 {[%emt 0:02:26]} 54. e6 {[%emt 0:01:09]} a5 {[%emt 0:00:41]} 55. e7 {[%emt 0:02:19]} Rd1+ {[%emt 0:00:04]} 56. Kc6 {[%emt 0:01:25]} Re1 {[%emt 0:00:05]} 57. Kxb5 {[%emt 0:02:48]} Re5+ {[%emt 0:00:04]} 58. Kb6 {[%emt 0:00:34]} Rxe7 {[%emt 0:00:08]} 59. c4 {[%emt 0:00:17]} a4 {[%emt 0:00:14]} 60. c5 {[%emt 0:00:14]} Re1 {[%emt 0:00:57]} 61. c6 {[%emt 0:00:42]} Rb1+ {[%emt 0:00:03]} 62. Ka7 {[%emt 0:00:30]} Rb3 {[%emt 0:01:16]} 63. c7 {[%emt 0:02:09]} Rxf3 {[%emt 0:01:16]} 64. c8=Q {[%emt 0:00:02]} Rf6 {[%emt 0:00:09]} 65. Qg4+ {[%emt 0:00:30]} Rg6 {[%emt 0:00:08]} 66. Qd4+ {[%emt 0:00:19]} Rf6 {[%emt 0:00:21]} 67. Qg4+ {[%emt 0:00:26]} Rg6 {[%emt 0:00:04]} 68. Qxa4 {[%emt 0:00:06]} Re6 {[%emt 0:00:04]} 69. Kb7 {[%emt 0:00:25]} Kf6 {[%emt 0:00:03]} 70. Qf4+ {[%emt 0:00:13]} Kg6 {[%emt 0:00:08]} 71. Kc7 {[%emt 0:00:08]} Rf6 {[%emt 0:00:25]} 72. Qg4+ {[%emt 0:00:07]} Kh6 {[%emt 0:00:24]} 73. Kd7 {[%emt 0:00:15]} Kh7 {[%emt 0:00:10]} 74. Ke7 {[%emt 0:00:19]} Rg6 {[%emt 0:00:01]} 75. Qh5+ {[%emt 0:01:15]} Kg7 {[%emt 0:00:04]} 76. Qe5+ {[%emt 0:00:43]} Kg8 {[%emt 0:00:01]} 77. Qd4 {[%emt 0:00:36]} Rh6 {[%emt 0:01:36]} 78. Qg4+ {[%emt 0:00:29]} Kh8 {[%emt 0:00:02]} 79. Kf7 {[%emt 0:00:27]} Rg6 {[%emt 0:00:04]} 80. Kxg6 {[%emt 0:00:15]} 1-0